000 00346nam a2200145Ia 4500
008 230312s9999||||xx |||||||||||||| ||und||
020 _a3-8228-5257-6
082 _a720.19
_bJOD-F
100 _aJodidio;Philip
245 0 _aFR Architecture in france
260 _bTaschen
_aParis
_c2006
300 _a182
650 _aArchitecture
942 _cBK
999 _c11815
_d11815